000 00438nam a2200181Ia 4500
001 14860
005 20260306164945.0
008 260306t2019||||xx |||||||||||||| ||spa||
041 _aESP
082 _a519.5
_bM26 2019
100 _aMartínez Bencardino, Ciro
_eAUT
245 0 _aEstadística básica aplicada
260 _c2019
300 _a388 páginas :
_c24 cm.
650 _aGEN
654 _aCMA
942 _cLIB
_dJUS
_fJUS
_2ddc
_n
999 _c14860
_d14860